000 01597nam a2200361 c 4500
003 BLK
005 20240803163303.0
008 180410b bul|||||r ||||||| ||bul||
010 _aKNG00155707000
040 _aBLK
041 _aBUL
_cBUL
080 _aИздания за деца и юноши. Книжки-картинки. Читанки. Вж и 372.4
_b087.5
_x
_z087.5
100 1 _aУолъмбъри, Колин
_eпърви автор
_gНиколов, Любомир Славов
_9133000
700 1 _aКръстев, Симеон
_eил.
_9377767
700 _aНиколов, Любомир Славов, 1950 -
_e*
_9242031
139 _aНиколов, Любомир Славов
_bН 74
245 1 0 _aЗамъкът на таласъмите
_bКн.-игра
_c* Любомир Славов Николов; Колин Уолъмбъри; ил. Симеон Кръстев.
250 _a2. изд.
257 _aBGR
260 София
_bМега
_c1998
_fХасково : Полиграфюг
300 _a160 с.
_bс ил., табл.
_c20 см
380 _a0
490 1 _aМега класика
500 _aКолин Уолъмбъри - псевд. на Любомир Славов Николов. - 1. изд. 1992 на изд. Плеяда. - Офс. изд.
650 4 _aКниги-игри
_9158798
653 _aкниги-игри
852 _aЦб 267842
856 4 _qpdf
_u
856 4 _qpdf
_u
942 _cKNG
_n0
_01
944 _aCR
_c17.01.2014
_lСевдалина Тодорова
_k30540
944 _aED
_c09.02.2017
_lф /
_kЛюдмила_Стоянова
999 _c149445
_d149445